| 000 | 00531nam a2200193 a 4500 | ||
|---|---|---|---|
| 001 | 1766824442831 | ||
| 003 | YourLibrary | ||
| 005 | 20251229124202.0 | ||
| 008 | 251227s2005##################000#0#eng## | ||
| 020 | _a9780195181791 | ||
| 082 | 0 | 4 |
_a241.694 _bYAR |
| 100 | 1 |
_aYarri, Donna, _eauthor. |
|
| 245 | 1 | 0 | _aThe Ethics of Animal Experimentation : |
| 260 |
_bOxford University Press, _c2005. |
||
| 300 | _a235 pages | ||
| 650 | 0 | _aLanguage Arts & Disciplines. | |
| 942 | _cENGLISH | ||
| 040 |
_aYourLibrary _beng _cYourLibrary |
||
| 999 |
_c605814 _d605814 |
||